000 00369 a2200169 4500
001 68955
020 _a8516019217
040 _cAnchieta - Itaigara
100 _aMachado, Ana Maria
240 1 0 _aO segredo da oncinha
_lpor
245 1 0 _aO segredo da oncinha
300 _a35
362 0 _a1998
440 1 _aModerna
650 4 _aLiteratura infantil
942 _cBK
999 _c68955
_d68955